01294nam a2200277 i 4500001001000000003000900010005001700019007000300036008004100039040003000080041000800110082002300118110007000141240001800211245010600229264005200335300002800387336002700415337003300442338002800475500038100503650002500884650003400909651003400943651003900977000016051DO-SdBNP20250616143056.0ta250616s2003 dr 001 0 spa d aDO-SdBNPbspacBNPHUerda hspa 4a347.013bR426L2221 aRepública Dominicana.bProcuraduría General de la República10a[Leyes, etc.]10aLey No. 821 de organización judicial y sus modificaciones del 21 de noviembre de 1927, G.O No. 3921 aSanto Domingo :bEditora no identificada,c2003 a107 páginas ;c21 cm. ardacontentbtexto2txt ardamediabsin mediación2n ardacarrierbvolumen2nc aIncluye las de la ley No. 50-00 que modifica los literales a) y b) del párrafo 1 del articulo 1 de la ley No. 248 del 1981, que modificó la ley de organización judicial No. 821 del año 1927. Ley No. 141-02 que crea la corte de apelación de Santo Domingo y varios tribunales en la provincias Santiago y Santo Domingo promulgada el 29 de septiembre del 2002 G.O. 10172 4aLegislacion judicial 4aPoder judicialxLegislación 4aRepública DominicanaxLeyes 4aRepública DominicanaxLey 821-27